LIBRARY ONLINE CATALOGUE

Introduction to Mediation, Moderation, and Conditional Process Analysis: (Record no. 19448)

MARC details
000 -LEADER
fixed length control field 00593nam a22001817a 4500
008 - FIXED-LENGTH DATA ELEMENTS--GENERAL INFORMATION
fixed length control field 220822b |||||||| |||| 00| 0 eng d
020 ## - INTERNATIONAL STANDARD BOOK NUMBER
International Standard Book Number 1462549030
050 ## - LIBRARY OF CONGRESS CALL NUMBER
Classification number HA31.3
Item number .H39 2022
100 ## - MAIN ENTRY--PERSONAL NAME
Personal name Hayes, Andrew F.
245 ## - TITLE STATEMENT
Title Introduction to Mediation, Moderation, and Conditional Process Analysis:
Remainder of title a Regression-Based Approach/
Statement of responsibility, etc. Andrew F. Hayes
250 ## - EDITION STATEMENT
Edition statement 3rd ed.
260 ## - PUBLICATION, DISTRIBUTION, ETC. (IMPRINT)
Place of publication, distribution, etc. New York
Name of publisher, distributor, etc. The Guilford Press
Date of publication, distribution, etc. 2022
300 ## - PHYSICAL DESCRIPTION
Extent xx, 731p.
650 ## - SUBJECT ADDED ENTRY--TOPICAL TERM
Topical term or geographic name as entry element Social sciences
Form subdivision Statistical methods
650 ## - SUBJECT ADDED ENTRY--TOPICAL TERM
Topical term or geographic name as entry element Mediation
Form subdivision statistics
650 ## - SUBJECT ADDED ENTRY--TOPICAL TERM
Topical term or geographic name as entry element Regression analysis
942 ## - ADDED ENTRY ELEMENTS (KOHA)
Source of classification or shelving scheme Library of Congress Classification
Koha item type General Collection
Holdings
Withdrawn status Lost status Source of classification or shelving scheme Not for loan Home library Current library Date acquired Cost, normal purchase price Total Checkouts Full call number Barcode Checked out Date last seen Date last checked out Price effective from Koha item type
    Library of Congress Classification   Kabarak, Main Campus Kabarak, Main Campus 22/08/2022 7454.00 1 HA31.3 .H39 2022 c.1 032541 23/07/2026 21/06/2026 21/06/2026 22/08/2022 General Collection